000 01417nab a2200301 i 4500
001 180826
003 ES-MaACL
005 20250904063109.0
008 120717s1913 sp 000 0 spa d
040 _aEs-MaACL
100 1 _aLa Tourrasse, Léonel de,
_d1861-1930
_eaut
_9150982
245 1 4 _aLos orígenes del teatro francés contemporáneo y el Teatro Libre.
_nIII.
_pLos precursores del teatro contemporáneo en Francia, el teatro de Balzac y de Jorge Sand /
_cconferencias pronunciadas en francés por M. de la Tourrasse ; versión española por Eduardo García Bote
300 _aPáginas 1-20
594 _aPrecede al título: Conferencias en la Universidad Central
599 _aRetrato del autor en portada
600 1 0 _aBalzac, Honoré de,
_d1799-1850-
_xCrítica e interpretación
_9235188
600 1 0 _aSand, George, 1804-1876,
_d1804-1876-
_xCrítica e interpretación
_9242212
610 2 4 _aThéâtre Libre (Grupo teatral)
_9139611
650 4 _aTeatro francés-
_yS.XIX-
_xHistoria y crítica
_9174695
655 4 _aConferencias
_9234444
700 1 _aGarcía Bote, Eduardo,
_d1871-
_etrl
_954288
710 2 _aUniversidad Central (Madrid)
_eisb
_97084
773 0 _tLa Palabra : revista taquigráfica,
_gN. 14 (15 jul. 1913), p. 1-20
_02879
_92987
_w2879
852 4 _aES-MaACL
_jT-1347-F-8
_9187118
942 _cANAB
_2udc
_n0
999 _c180826
_d180826
955 _bPilar Fernández Vera